000 00442nam a22001457a 4500
008 250131b |||||||| |||| 00| 0 eng d
020 _a9780123736956
050 _aR853
_b.C45
100 _aChin, Richard
245 _aPrinciples and practice of clinical trial medicine /by
_cRichard Chin & Bruce Y. Lee
260 _aLondon
_bElsevier
_c2008
300 _axii, 547p.
_bIncludes Appendix, index
700 _aLee, Bruce Y.
942 _2lcc
_cBK
999 _c20587
_d20586